[Event "Valasska Bystrice op"]
[Site "Valasska Bystrice"]
[Date "2015.09.12"]
[Round "1"]
[White "Vlachopulos, Georgis"]
[Black "Smutek, Vladimir"]
[Result "1-0"]
[WhiteElo "1900"]
[BlackElo "1648"]
[PlyCount "51"]
[EventDate "2015.09.12"]
[EventType "swiss"]
[EventRounds "9"]
[EventCountry "CZE"]
[SourceTitle "EXT 2016"]
[Source "ChessBase"]
[SourceDate "2015.10.08"]
[SourceVersion "1"]
[SourceVersionDate "2015.10.08"]
[SourceQuality "1"]

1. e4 e5 2. Nf3 d6 3. d4 exd4 4. Nxd4 Nf6 5. Nc3 Be7 6. Be2 Bd7 7. Be3 Nc6 8. f4 Nxd4 9. Qxd4 0-0 10. 0-0-0 Be6 11. Nd5 Bxd5 12. exd5 Nd7 13. Bd3 Bf6 14. Qe4 g6 15. Rhe1 Qe7 16. Qf3 a6 17. h4 Rae8 18. h5 Bg7 19. Bd2 Qd8 20. Rh1 Nf6 21. g4 Qd7 22. Rdg1 Re7 23. g5 Nxh5 24. f5 Be5 25. f6 Ree8 26. Rxh5 1-0